000 00415nam a2200181Ia 4500
005 20250423100725.0
008 250422s9999 xx 000 0 und d
020 _a0439343895
050 _aPR 9387 .B34/
100 _aBaglio, Bem M.
245 0 _aPuppy in a puddle
260 _aNew York
260 _bScholastic inc.
260 _c1999
300 _a129 p
650 _aChildren's stories.
942 _cBK
999 _c34162
_d34162